<?xml version="1.0" encoding="UTF-8"?>
<record
    xmlns:xsi="http://www.w3.org/2001/XMLSchema-instance"
    xsi:schemaLocation="http://www.loc.gov/MARC21/slim http://www.loc.gov/standards/marcxml/schema/MARC21slim.xsd"
    xmlns="http://www.loc.gov/MARC21/slim">

  <leader>02104nam a2200289 i 4500</leader>
  <controlfield tag="003">DO-SdBNP</controlfield>
  <controlfield tag="005">20250710135913.0</controlfield>
  <controlfield tag="007">ta</controlfield>
  <controlfield tag="008">250710b2025    dr o|||| |||| 00| 0 spa d</controlfield>
  <datafield tag="020" ind1=" " ind2=" ">
    <subfield code="a">9789945807790</subfield>
  </datafield>
  <datafield tag="040" ind1=" " ind2=" ">
    <subfield code="a">DO-SdBNP</subfield>
    <subfield code="b">spa</subfield>
    <subfield code="c">BNPHU</subfield>
    <subfield code="e">rda</subfield>
  </datafield>
  <datafield tag="041" ind1=" " ind2=" ">
    <subfield code="a">spa</subfield>
  </datafield>
  <datafield tag="082" ind1=" " ind2=" ">
    <subfield code="a">xxx</subfield>
    <subfield code="b">J61</subfield>
    <subfield code="2">22</subfield>
  </datafield>
  <datafield tag="100" ind1="1" ind2=" ">
    <subfield code="a">Jim&#xE9;nez Clemente, Bernarda</subfield>
    <subfield code="e">autora</subfield>
    <subfield code="4">aut.</subfield>
    <subfield code="9">82930</subfield>
  </datafield>
  <datafield tag="245" ind1="1" ind2="0">
    <subfield code="a">Lucrecia P&#xE9;rez :</subfield>
    <subfield code="b">del vaticinio de un crimen a la primera migraci&#xF3;n laboral de dominicanos a Espa&#xF1;a /</subfield>
    <subfield code="c">Bernarda Jim&#xE9;nez </subfield>
  </datafield>
  <datafield tag="250" ind1=" " ind2=" ">
    <subfield code="a">Tercera edici&#xF3;n, revisada y ampliada</subfield>
  </datafield>
  <datafield tag="264" ind1=" " ind2=" ">
    <subfield code="a">Santo Domingo :</subfield>
    <subfield code="b">Editora B&#xFA;ho,</subfield>
    <subfield code="c">2025.</subfield>
  </datafield>
  <datafield tag="300" ind1=" " ind2=" ">
    <subfield code="a">288 p&#xE1;ginas </subfield>
    <subfield code="b">retratos</subfield>
    <subfield code="c">23 cm.</subfield>
  </datafield>
  <datafield tag="336" ind1=" " ind2=" ">
    <subfield code="a">texto</subfield>
    <subfield code="b">txt</subfield>
    <subfield code="2">rdacontent</subfield>
  </datafield>
  <datafield tag="337" ind1=" " ind2=" ">
    <subfield code="a">sin mediaci&#xF3;n</subfield>
    <subfield code="b">n</subfield>
    <subfield code="2">rdamedia</subfield>
  </datafield>
  <datafield tag="338" ind1=" " ind2=" ">
    <subfield code="a">volumen</subfield>
    <subfield code="b">nc</subfield>
    <subfield code="2">rdacarrier</subfield>
  </datafield>
  <datafield tag="500" ind1=" " ind2=" ">
    <subfield code="a">Incluye datos biograf&#xED;cos de la autora en la contraportada. </subfield>
  </datafield>
  <datafield tag="520" ind1=" " ind2=" ">
    <subfield code="a">El a&#xF1;o 2002 fue un a&#xF1;o muy significativo para el Colectivo de Inmigrantes Dominicanos en Espa&#xF1;a. Justo en este a&#xF1;o, se cumpli&#xF3; el D&#xE9;cimo Aniversario del asesinato de Lucrecia P&#xE9;rez Matos, v&#xED;ctima de la xenofobia y el racismo, coincidiendo con el aniversario jur&#xED;dico de la fundaci&#xF3;n de la ONG sin fines de lucro Asociaci&#xF3;n Voluntariado Madres Dominicanas- Voluntariado Colectivos Integrados de Trabajadores (VOMADE-VINCIT). Motivos, m&#xE1;s que justificados, para celebrar el primer Congreso de Asociaciones de Inmigrantes Dominicanos en el Mundo, que tuvo lugar en El Escorial, los d&#xED;as 8 y 9 de noviembre de 2002.
El tiempo, inexorable, se lleva casi siempre los hechos que dan sustancia a la historia. Muchas veces se ha repetido que los pueblos que olvidan su historia se despersonalizan, se anquilosan, se convierten en sombras buscando siempre el equilibrio; la serenidad precisa para formar opini&#xF3;n sin tergiversar. Aqu&#xED; se narran m&#xE1;s de diez a&#xF1;os de historia, de hombres y mujeres oriundos de un pa&#xED;s inmensamente rico y hermoso que los expulsa por querer ejercer sus derechos de alcanzar una vida mejor.           </subfield>
  </datafield>
  <datafield tag="590" ind1=" " ind2=" ">
    <subfield code="a">Inventariado, 2025/ YL</subfield>
  </datafield>
  <datafield tag="910" ind1=" " ind2=" ">
    <subfield code="a">YLockward</subfield>
  </datafield>
  <datafield tag="942" ind1=" " ind2=" ">
    <subfield code="2">ddc</subfield>
    <subfield code="c">LBS1</subfield>
  </datafield>
  <datafield tag="952" ind1=" " ind2=" ">
    <subfield code="0">0</subfield>
    <subfield code="1">0</subfield>
    <subfield code="2">ddc</subfield>
    <subfield code="5">1</subfield>
    <subfield code="7">0</subfield>
    <subfield code="8">PD</subfield>
    <subfield code="a">BNPHU</subfield>
    <subfield code="b">BNPHU</subfield>
    <subfield code="c">CT</subfield>
    <subfield code="d">2025-05-23</subfield>
    <subfield code="e">Dep&#xF3;sito Legal</subfield>
    <subfield code="l">0</subfield>
    <subfield code="o">BNPHU PD xxx J61</subfield>
    <subfield code="p">2025-6398</subfield>
    <subfield code="r">2025-07-10</subfield>
    <subfield code="w">2025-07-10</subfield>
    <subfield code="y">LBS1</subfield>
  </datafield>
  <datafield tag="952" ind1=" " ind2=" ">
    <subfield code="0">0</subfield>
    <subfield code="1">0</subfield>
    <subfield code="2">ddc</subfield>
    <subfield code="5">1</subfield>
    <subfield code="7">0</subfield>
    <subfield code="8">PD</subfield>
    <subfield code="a">BNPHU</subfield>
    <subfield code="b">BNPHU</subfield>
    <subfield code="c">CT</subfield>
    <subfield code="d">2025-05-23</subfield>
    <subfield code="e">Dep&#xF3;sito Legal</subfield>
    <subfield code="l">0</subfield>
    <subfield code="o">BNPHU PD xxx J61</subfield>
    <subfield code="p">2025-6399</subfield>
    <subfield code="r">2025-07-10</subfield>
    <subfield code="t">e. 2</subfield>
    <subfield code="w">2025-07-10</subfield>
    <subfield code="y">LBS1</subfield>
  </datafield>
  <datafield tag="952" ind1=" " ind2=" ">
    <subfield code="0">0</subfield>
    <subfield code="1">0</subfield>
    <subfield code="2">ddc</subfield>
    <subfield code="5">6</subfield>
    <subfield code="7">0</subfield>
    <subfield code="8">DS</subfield>
    <subfield code="a">BNPHU</subfield>
    <subfield code="b">BNPHU</subfield>
    <subfield code="c">CT</subfield>
    <subfield code="d">2025-05-23</subfield>
    <subfield code="e">Dep&#xF3;sito Legal</subfield>
    <subfield code="l">0</subfield>
    <subfield code="o">BNPHU DS xxx J61</subfield>
    <subfield code="p">2025-6400</subfield>
    <subfield code="r">2025-07-10</subfield>
    <subfield code="t">e. 3</subfield>
    <subfield code="w">2025-07-10</subfield>
    <subfield code="y">LBS1</subfield>
  </datafield>
  <datafield tag="999" ind1=" " ind2=" ">
    <subfield code="c">59492</subfield>
    <subfield code="d">59492</subfield>
  </datafield>
</record>
